MDQL
is popping MORE tags! Check the
thread
!
Quizzes
Events
Quiz Creation
Community
Videos
Private Events
Remove Ads
Sign In
Join for FREE
Feedback
Dark Mode
Quiz Categories
Sports
Geography
Music
Movies
Television
Just For Fun
Miscellaneous
History
Literature
Language
Science
Gaming
Entertainment
Religion
Holiday
For Kids
Quiz Lab
Recent
Popular Today
Quiz Kudos Today
Editor Picks
Curator Picks
Quizzes by...
Day
Popularity
Type
Ratings
Length
Year
Community
Subscriptions
Recent Discussions
Orange Saloon
Badges
Playlists
Quests
Create
Leaderboards
Showdown
Live 5
Trivia Bingo
Activity
Puzzle Library
Sporcle Events
Private Events
Virtual Trivia
Globe League
Become a Host
Pub Owners
SporcleCon
Opinionation
Our Games
Videos
Blog
Mobile Apps
Partnerships
Remove Ads and Go Orange
Feedback
Religion
Mythology
Religious Music
World Religions
Bible
Christianity
Catholicism
Judaism
Church
Scripture
Islam
Verse
Religion
Mythology
Religious Music
World Religions
Bible
Christianity
Catholicism
Judaism
Church
Scripture
Islam
Verse
Random Quiz
Search Sporcle
×
Quiz Lab
Quiz Lab
Religion
Humor
Select answers by clicking on text or image buttons
Select answers by clicking on text or image buttons
Clickable
Best Score? Go Orange.
Stupid Religious Jokes Stats
Can you click the punch lines to these Stupid Religious Jokes?
By
TR26
6m
22 Questions
247 Plays
247 Plays
247 Plays
Comments
Comments
Give Quiz Kudos
Give Quiz Kudos
-
- Ratings
hide this ad
Forced Order
Answers have to be entered in order
Answers have to be entered in order
Random Order
Randomize order of answers
Randomize order of answers
Replay
Link that replays current quiz
Next Quiz
Link to next quiz in quiz playlist
You Got
0%
They Got
Avg Score
81%
Avg Friend Score
Upgrade to see
Score Distribution
Jump to the score distribution portion of the page
Score
0/22
Timer
06:00
0
Plays Today
% Correct
H2OMG
89.1%
a Christler
88.3%
30 would be too many
87.9%
when God sneezes
87%
they never let anyone finish a sentence
86.2%
because people are asleep
85.8%
he served in Pharaoh's court
85.4%
God knows
84.6%
an acidic Jew
83.8%
they thought it was called Hash Wednesday
83.4%
boil the hell out of it
83%
% Correct
he brought down the house
83%
hebrews
82.6%
they have mass
81%
make me one with everything
79.4%
you get to keep the tips
79.4%
his goal: transcend dental medication
78.5%
he was up all night wondering if there is a dog
78.5%
a mechanic
77.7%
he sold his soul to Santa
75.3%
Finnish hymn!
74.9%
God took away Adam and Eve's paradise
65.2%
Quiz Playlist
Details
Report
Send in Message
Add To Playlist
Clickable:
Select answers by clicking on text or image buttons
Forced Order:
Answers have to be entered in order
Random Order:
Randomize order of answers
Last Updated: Apr 10, 2017
Quiz Scoreboard
CHALLENGE
Sign Up to Join the Scoreboard
Show All
Scores
Hide
Comments
May contain spoilers
Recently Published
Image Sorting: Flags VI
by Barbecue
Geography
2m
Find the 'City' Movie
by crazypaving
Movies
60s
Colored Red Africa Blitz
by spor1
Geography
45s
More to Explore
Quiz From the Vault
Featured Blog Post
14 Easter Pick-up Lines to Find Eggs With
hide this ad
You Might Also Like...
Tags
Clickable Quiz
Humor Quiz
Today's Top Quizzes in Religion
Browse Religion
hide this ad
Today's Top Quizzes in Humor
Browse Humor
Top Contributed Quizzes in Religion
1
Christmas Pick: Judaism
2
Christmas Pick: Islam
3
Christmas Pick: World Religions
4
Religions Spelling Bee
5
Artistic Maundy Thursday
6
After Easter on Stained-glass Windows
7
99 names of Allah
8
5-to-1: Children of Gods
9
Longevity in the Bible
10
Are they in the Bible?
Explore More
Trending Topics
Crossword
Harry Potter
Disney
Anime
Kpop
Marvel
NBA
Song
The Office
WWE
Country
Soccer
NFL
Puzzle
Pokémon
hide this ad
More By:
TR26
Quiz
Plays
Rating
Category
Featured
Created
harmonica in rock
458
3.18
Music
Jan 18, 2015
awful rock rhymes
428
4.72
Music
Nov 12, 2023
What's your reward?
395
2.63
Religion
Mar 21, 2015
Top Prog-rock Albums
285
3.57
Music
Jul 14, 2014
Stupid Religious Jokes
247
3.40
Religion
Dec 15, 2016
Go to Creator's Profile
Score Distribution
Quiz Creator Spotlight
TR26
Follow
Send a Message
Quizzes Created
-
Created Quiz Play Count
-
More By This Creator
Popular Quizzes Today
1
Colored Red Africa Blitz
2
Find the US States - No Outlines Minefield
3
Find the 'City' Movie
4
5x2 Blitz: Bands
5
The Countries of the World
6
Find the US States
7
Find the Countries of Europe - No Outlines Minefield
8
US States
More Religion Quizzes
Chinese Zodiac Animals by Wikipedia
Curator's Pick
Trending Quizzes
Colored Red Europe Blitz I
Colored Red Europe Blitz II
Colored Red Africa Blitz II
Colored Red Europe Blitz III
Colored Red Africa Blitz III
Recently Updated
How Do You Spell That?
pecheneg
Godzilla Movies
pecheneg
Grab Bag: 4-10 Letters
pecheneg
2024 March Madness Bracket
pecheneg
Famous TV Couples
Peacemaker
Champions League XIs: Real Madrid
pecheneg
Largest US Cities 1790-2010
pecheneg
Rides in Walt Disney World
pecheneg
Most Oscar Losses (Acting)
pecheneg
Beyoncé Albums
pecheneg
Trending Topics
Disney
NBA
Marvel
Harry Potter
Anime
Kpop
Crossword
Song
Soccer
The Office
WWE
Pokémon
NFL
Puzzle
Country
Your Account Isn't Verified!
In order to create a playlist on Sporcle, you need to verify the email address you used during registration. Go to your
Sporcle Settings
to finish the process.
Report this User
Report this user for behavior that violates our
Community Guidelines
.
Details:
Send Report
Go to the Sporcle.com Mobile Site →
Comments